Public sector enterprises in India (Record no. 435498)

000 -LEADER
fixed length control field 00397cam a22001337a 4500
008 - FIXED-LENGTH DATA ELEMENTS--GENERAL INFORMATION
fixed length control field 180718b1990 xxu||||| |||| 00| 0 eng d
082 ## - DEWEY DECIMAL CLASSIFICATION NUMBER
Classification number U6x5453 In2
100 ## - MAIN ENTRY--PERSONAL NAME
Personal name Kumar, Indra
245 ## - TITLE STATEMENT
Title Public sector enterprises in India
Statement of responsibility, etc. by Indra Kumar and Biji James
260 ## - PUBLICATION, DISTRIBUTION, ETC.
Place of publication, distribution, etc. New Delhi
Name of publisher, distributor, etc. Commonwealth
Date of publication, distribution, etc. 1990
300 ## - PHYSICAL DESCRIPTION
Extent ix, 179p.
650 ## - SUBJECT ADDED ENTRY--TOPICAL TERM
Topical term or geographic name entry element Public sector enterprise --India
700 ## - ADDED ENTRY--PERSONAL NAME
Personal name James, Biji
Holdings
Withdrawn status Lost status Damaged status Not for loan Permanent Location Current Location Date acquired Full call number Barcode Date last seen Price effective from Koha item type
        Indian Institute of Public Administration Indian Institute of Public Administration 2010-02-25 U6x5453 In2 65168 2018-07-21 2018-07-21 Book

Powered by Koha